My Journey Transforming Dreams into Actions (Record no. 10501)

MARC details
000 -LEADER
fixed length control field 00434nam a22001697a 4500
003 - CONTROL NUMBER IDENTIFIER
control field OSt
008 - FIXED-LENGTH DATA ELEMENTS--GENERAL INFORMATION
fixed length control field 210223b ||||| |||| 00| 0 eng d
020 ## - INTERNATIONAL STANDARD BOOK NUMBER
International Standard Book Number 9788129124913
082 ## - DEWEY DECIMAL CLASSIFICATION NUMBER
Classification number 954.05092 KAM
100 ## - MAIN ENTRY--PERSONAL NAME
Personal name KALAM, A.P.J. Abdul
245 ## - TITLE STATEMENT
Title My Journey Transforming Dreams into Actions
250 ## - EDITION STATEMENT
Edition statement 32th Imp.
260 ## - PUBLICATION, DISTRIBUTION, ETC. (IMPRINT)
Place of publication, distribution, etc New Delhi
Name of publisher, distributor, etc Rupa Publication
Date of publication, distribution, etc 2020
300 ## - PHYSICAL DESCRIPTION
Extent 147
650 ## - SUBJECT ADDED ENTRY--TOPICAL TERM
Topical term or geographic name as entry element General Books
942 ## - ADDED ENTRY ELEMENTS (KOHA)
Source of classification or shelving scheme Dewey Decimal Classification
Koha item type Text Books
942 ## - ADDED ENTRY ELEMENTS (KOHA)
-- 16
Holdings
Withdrawn status Lost status Source of classification or shelving scheme Damaged status Not for loan Collection code Home library Current library Date acquired Source of acquisition Currency Cost, normal purchase price Bill Number Total Checkouts Full call number Acc. no. / Barcode Date last seen Date last borrowed Actual Cost, discounted price Bill Date Koha item type Public note Checked out
    Dewey Decimal Classification     GENERAL PIET C-LIBRARY PIET C-LIBRARY 08/02/2021 Kirti Prakashan Indian Rup 195.00 IN1508 7 954.05092 KAM 32484 12/04/2023 28/03/2023 130.65 06/02/2021 Text Books    
    Dewey Decimal Classification     GENERAL PIET C-LIBRARY PIET C-LIBRARY 08/02/2021 Kirti Prakashan Indian Rup 195.00 IN1508 11 954.05092 KAM 32485 05/09/2025 04/07/2025 130.65 06/02/2021 Text Books Biography  
    Dewey Decimal Classification     GENERAL PIET C-LIBRARY PIET C-LIBRARY 08/02/2021 Kirti Prakashan Indian Rup 195.00 IN1508 2 954.05092 KAM 32486 13/01/2024 13/01/2024 130.65 06/02/2021 Text Books . 11/07/2024
    Dewey Decimal Classification     GENERAL PIET C-LIBRARY PIET C-LIBRARY 08/02/2021 Kirti Prakashan Indian Rup 195.00 IN1508 2 954.05092 KAM 32487 13/01/2024 13/01/2024 130.65 06/02/2021 Text Books . 11/07/2024

Design & Developed by: PIET Central Library
R70 Miles Stone Pattikalyana Samalkha Panipat 132102
mail ID :- [email protected], Phone No:- 0180-2569700 Ex.216